Vista normal
Vista MARC
Entrada Topical Term
Número de registros utilizados en: 1
001 - CONTROL NUMBER
- control field: 12560
003 - CONTROL NUMBER IDENTIFIER
- control field: OSt
005 - DATE AND TIME OF LATEST TRANSACTION
- control field: 20201223104011.0
008 - FIXED-LENGTH DATA ELEMENTS
- fixed length control field: 201223|| aca||aabn | a|a d
040 ## - CATALOGING SOURCE
- Original cataloging agency: OSt
- Transcribing agency: OSt
150 ## - HEADING--TOPICAL TERM
- Topical term or geographic name entry element: Caballeros y caballería en la literatura
670 ## - SOURCE DATA FOUND
- Source citation: Work cat.: (OSt): Alonso, Eduardo, autor 12559, Don quijote de la mancha / , 2004